000 02412nam a2200337 i 4500
003 DO-SdBNP
005 20250410121828.0
007 ta
008 250410b2024 dr ||||| |||| 00| 0 spa d
020 _a9789945510768
040 _aDO-SdBNP
_bspa
_cBNPHU
_erda
041 _aspa
082 4 _a0
_bL979d
_222
245 0 4 _aLuz desde el dolor y la esperanza :
_brelatos de narradores búlgaros /
_cselección y prólogo de Hristo Slavov ; traducción de María Vútova ; presentación Ángela Hernández Núñez ; corrección María del Carmen Vicente, Apolinar Liz Rodríguez y Modesto Cuesta.
250 _aPrimera edición
264 4 _aSanto Domingo, República Dominicana :
_bEditora Nacional,
_c©2024
300 _a162 páginas :
_c23 cm.
336 _atexto
_btxt
_2rdacontent
337 _asin mediación
_bn
_2rdamedia
338 _avolumen
_bnc
_2rdacarrier
500 _aIncluye datos biográficos de los autores
505 _tPresentación /
_rÁngela Hernández Núñez, 9 --
_tPrólogo. Luz desde el dolor y la esperanza /
_rHristo Slavov, 13 --
_t¿Ya viene? /
_rIván Vázov, 17 --
_tLas campanas enmudecidas /
_rElín Pelín, 27 --
_tSiguiendo el cable /
_rYordán Yóvkov, 33 --
_tDedico /
_rMatvey Válev, 41 --
_tLa dama de los ojos de rayos X /
_rSvetoslav Mínkov, 47 --
_tÁguilas /
_rAnguel Karaliychev, 57 --
_tNoches de lobo /
_rEmiliyán Stánev, 65 --
_tEl cuerno de cabra /
_rNikolay Haytov, 73 --
_tMarzo /
_rGueorgui Bozhínov, 83 --
_tLa ocarina rota /
_rStanislav Sivríev, 91 --
_t¡Mata a la mosca! /
_rYordán Radíchkov, 95 --
_tRetrato para la eternidad /
_rDoncho Tsónchev, 105 --
_tEl anticuario /
_rVésela Lyutskánova, 113 --
_tConcierto /
_rGueorgui Chatalbáshev, 117 --
_tSopa de rosas /
_rDimítar Shúmnaliev, 123 --
_tiQué pájaro ni qué pájaro! /
_rEmil Izmirlíev, 129 --
_tEl rostro de mi abuela /
_rLyudmila Androvska, 133 --
_tAlguien sacará una extraña conclusión /
_rHristo Slavov, 139 --
_tSangre de topo /
_rZdravka Evtímova, 145 --
_tDatos biográficos de los autores, 149.
590 _aInventariado, 2025 /LP
700 1 _aSlavov, Hristo,
_eprologuista
_4pr.
_987412
700 1 _aVútova, María,
_etraductor
_4tr.
_987414
700 1 _aVicente, María del Carmen,
_ecorrección
_4corr.
_957201
700 1 _aLiz Rodríguez, Apolinar,
_ecorrección
_4corr.
_984877
700 1 _aCuesta, Modesto,
_ecorrección
_4corr.
_93209
910 _aLp
942 _2ddc
_cLBS1
999 _c58286
_d58286